Movies Quiz

Random Movies or Disney Quiz
Score 0/12 Timer 03:00
0 Plays Today
% Correct
Elastigirl
97.1%
Eeyore
95.3%
Eric
92.8%
Esmeralda
92.6%
EVE
90.7%
Ellie
81.7%
Eudora
69.5%
Emile
68%
Ector
64.9%
Eilonwy
63.4%
Evinrude
59%
Eema
55.3%
Remove Ads.
Support Sporcle.
Get the best of Sporcle when you Go Orange. This ad-free experience offers more features, more stats, and more fun while also helping to support Sporcle. Thank you for becoming a member.

You're not logged in!

Compare scores with friends on all Sporcle quizzes.
OR
Log In

Show Comments

Extras

Top Quizzes Today


Score Distribution

Your Account Isn't Verified!

In order to create a playlist on Sporcle, you need to verify the email address you used during registration. Go to your Sporcle Settings to finish the process.

Report this User

Report this user for behavior that violates our Community Guidelines.

Details: